000 00228nam a2200097Ia 4500
008 170619s9999 xx 000 0 und d
100 _aGUPTA B.R
245 0 _aPOWER SYSTEM ANALYSIS AND DESIGN
260 _bWheeler Pub.
260 _c1999
546 _aENGLISH
999 _c19123
_d19123